000
00231nam a2200097Ia 4500
008
241105s9999 xx 000 0 und d
041
_a
eng
100
_a
Shah P.
245
_a
Dance Academy
260
_b
Final Year B. Arch, BNCA
_c
1999
999
_c
359954
_d
359954